उपनिवेश / (Record no. 116097)

MARC details
000 -LEADER
fixed length control field 01217nam a22002657a 4500
005 - DATE AND TIME OF LATEST TRANSACTION
control field 20170124103034.0
010 ## - LIBRARY OF CONGRESS CONTROL NUMBER
LC control number A-913217
020 ## - INTERNATIONAL STANDARD BOOK NUMBER
Terms of availability 125.00
035 ## - SYSTEM CONTROL NUMBER
System control number A-913217
037 ## - SOURCE OF ACQUISITION
Source of stock number/acquisition Cen Lib/Ret
040 ## - CATALOGING SOURCE
Original cataloging agency DPL
Language of cataloging HN
082 ## - DEWEY DECIMAL CLASSIFICATION NUMBER
Classification number
Item number गंगोपा
100 ## - MAIN ENTRY--PERSONAL NAME
Personal name गंगोपाध्याय, नारायण
9 (RLIN) 47612
245 ## - TITLE STATEMENT
Title उपनिवेश /
Statement of responsibility, etc नारायण गंगोपाध्याय ; अनुवादक प्रबोधकुमार मजूमदार
246 ## - VARYING FORM OF TITLE
Title proper/short title Upnivesh /
Remainder of title by Narayan Gangopadhayaya ; anuvadak Prabodhkumar Majumdaar
260 ## - PUBLICATION, DISTRIBUTION, ETC. (IMPRINT)
Place of publication, distribution, etc दिल्ली
Name of publisher, distributor, etc शब्दकार
Date of publication, distribution, etc 1997
270 ## - ADDRESS
Address 159, गुरु अंगद नगर (वैस्ट)
City दिल्ली
Postal code 110092
300 ## - PHYSICAL DESCRIPTION
Extent 216पृ.
Dimensions 20सेमी (सजिल्द )
650 ## - SUBJECT ADDED ENTRY--TOPICAL TERM
Topical term or geographic name as entry element हिंदी साहित्य
General subdivision
Geographic subdivision
9 (RLIN) 102730
650 ## - SUBJECT ADDED ENTRY--TOPICAL TERM
Topical term or geographic name as entry element हिंदी साहित्य--उपन्यास
Form subdivision
9 (RLIN) 102731
650 ## - SUBJECT ADDED ENTRY--TOPICAL TERM
Topical term or geographic name as entry element Hindi literature
9 (RLIN) 102732
650 ## - SUBJECT ADDED ENTRY--TOPICAL TERM
Topical term or geographic name as entry element Hindi literature--Novel
9 (RLIN) 102733
700 ## - ADDED ENTRY--PERSONAL NAME
Personal name मजूमदार, प्रबोधकुमार
9 (RLIN) 42819
942 ## - ADDED ENTRY ELEMENTS (KOHA)
Source of classification or shelving scheme Dewey Decimal Classification
Koha item type Hindi Books
Classification part
Call number suffix गंगोपा
Holdings
Withdrawn status Lost status Damaged status Not for loan Home library Current library Date acquired Source of acquisition Cost, normal purchase price Total Checkouts Full call number Barcode Date last seen Copy number Cost, replacement price Price effective from Koha item type Public note
Written off       Central Library Central Library 22/08/2015 Cen Lib/Ret 125.00   उ गंगोपा A-913217 22/08/2015 1 125.00 22/08/2015 Hindi Books Written off on approval by DLB (By Circulation); dtd 15-06-2023

© Delhi Public Library
Hit Counter
free hit counter